Los libros tienen la palabra, 3 : (Record no. 5696)
[ view plain ]
| 000 -CABECERA | |
|---|---|
| campo de control de longitud fija | 01355nam a2200217 a 4500 |
| 005 - FECHA Y HORA DE LA ÚLTIMA TRANSACCIÓN | |
| campo de control | 20240809063838.0 |
| 008 - ELEMENTOS DE LONGITUD FIJA--INFORMACIÓN GENERAL | |
| campo de control de longitud fija | 991125n198 [me 000 0 spa u |
| 035 ## - NÚMERO DE CONTROL DEL SISTEMA | |
| Número de control de sistema | UPN01000005696 |
| 049 ## - COLECCIÓN | |
| Colección | AV |
| 099 ## - CLASIFICACIÓN LOCAL | |
| Clasificación local | PVI Z 0503 |
| 245 04 - MENCIÓN DE TÍTULO | |
| Título | Los libros tienen la palabra, 3 : |
| Resto del título | La Biblioteca Nacional. |
| 260 ## - PUBLICACIÓN, DISTRIBUCIÓN, ETC. | |
| Lugar de publicación, distribución, etc. | [México] : |
| Nombre del editor, distribuidor, etc. | UTEC, |
| Fecha de publicación, distribución, etc. | [198-]. |
| 300 ## - DESCRIPCIÓN FÍSICA | |
| Extensión | 1 videocasete (VHS) (26 min.) : |
| Otras características físicas | son., col. |
| 520 ## - NOTA DE RESUMEN, ETC. | |
| Sumario, etc. | En 1833 es el primer intento de crear la Biblioteca Nacional pero sólo quedó en proyecto y es hasta la restauración de la reforma que el Presidente Juárez expide un decreto de depósito legal que obliga a los editores, impresores y autores del país a entregar 2 copias de su producción a esa institución, favoreciendo el crecimiento del acervo de la biblioteca. Actualmente cuenta con un edificio moderno y funcional que ofrece múltiples servicios bibliotecarios. En la sección el escritor y su mundo habla de Ricardo Garibay y sus obras, presenta un fragmento de su relato "Acapulco" y una entrevista con el escritor |
| 501 ## - NOTA DE "CON" | |
| Nota de “Con” | Con: El hombre y el universo -- Fascículos "Cómo hacer mejor" -- El Archivo General de la Nación |
| 600 14 - ASIENTO SECUNDARIO DE MATERIA - NOMBRE PERSONAL | |
| Nombre de persona | GARIBAY, RICARDO, |
| Fechas asociadas al nombre | 1923- |
| 610 24 - ASIENTO SECUNDARIO DE MATERIA - NOMBRE CORPORATIVO | |
| Nombre de entidad corporativa o nombre de jurisdicción como elemento de entrada | Biblioteca Nacional de México |
| 9 (RLIN) | 3471 |
| 650 #4 - ASIENTO SECUNDARIO DE MATERIA - TERMINO TEMATICO | |
| Término de materia o nombre geográfico como elemento de entrada | Literatura mexicana |
| 9 (RLIN) | 4466 |
| 740 3# - ASIENTO SECUNDARIO - TÍTULOS RELACIONADOS /ANALITICOS NO CONTROLADOS | |
| Título relacionado o analítico no controlado | La Biblioteca Nacional |
| 905 ## - TIPO DE MATERIAL | |
| Tipo de material | Audiovisuales |
| Estado de retiro | Estado de pérdida | Fuente del sistema de clasificación o colocación | Estado dañado | No para préstamo | Código de colección | Localización permanente | Ubicación/localización actual | Ubicación en estantería | Total de préstamos | Clasificación | Código de barras | Fecha visto por última vez | Número de copia | Tipo de ítem Koha |
|---|---|---|---|---|---|---|---|---|---|---|---|---|---|---|
| Library of Congress Classification | Audiovisuales | Bib. Gregorio Torres Quintero | Bib. Gregorio Torres Quintero | Audiovisual | PVI Z 0503 | 0503BPVI | 31/12/2020 | 1 | Videocasete |
